Lohnquote und Beschäftigung - Die Lohnlücke

Guardado en:
Detalles Bibliográficos
Autor principal: Klodt, Henning
Formato: Libro
Lenguaje:alemán
Publicado: Kiel Institut für Weltwirtschaft 1985
Colección:Arbeitspapier Nr. 230
Etiquetas: Agregar Etiqueta
Sin Etiquetas, Sea el primero en etiquetar este registro!

MARC

LEADER 00000nam a2200000 4500
001 c106725
005 20041019155138.2
041 0 |a ger 
044 |a DE 
245 1 0 |a Lohnquote und Beschäftigung - Die Lohnlücke  |c Henning Klodt 
264 1 |a Kiel  |b Institut für Weltwirtschaft  |c 1985 
300 |a 27 s. 
490 1 |a Arbeitspapier  |v Nr. 230 
830 0 |a Arbeitspapier  |v Nr. 230 
100 1 |a Klodt, Henning